Normal view MARC view
  • Village communities

Entry Topical Term

Number of records used in: 2

001 - CONTROL NUMBER

  • control field: 11944

003 - CONTROL NUMBER IDENTIFIER

  • control field: NUST

005 - DATE AND TIME OF LATEST TRANSACTION

  • control field: 20180723070708.0

008 - FIXED-LENGTH DATA ELEMENTS

  • fixed length control field: 180723|| aca||aabn | a|a d

040 ## - CATALOGING SOURCE

  • Original cataloging agency: NUST
  • Transcribing agency: NUST

150 ## - HEADING--TOPICAL TERM

  • Topical term or geographic name entry element: Village communities
  • Geographic subdivision: Islamic countries
  • Form subdivision: Fiction.

670 ## - SOURCE DATA FOUND

  • Source citation: Work cat.: (NUST)4072: Chandraratna, Bandula. 11943, Mirage /, 2001.
© 2023 Central Library, National University of Sciences and Technology. All Rights Reserved.